[Event "EOBCC 2020"]
[Site "Online"]
[Date "2020.12.18"]
[Round "3.99"]
[White "Ivlev, Aleksey"]
[Black "Bykov, Egor"]
[Result "0-1"]
[WhiteElo "2315"]
[BlackElo "2436"]
[PlyCount "106"]
[EventDate "2020.12.18"]
[EventType "tourn"]
[EventCountry "NET"]

1. d4 Nf6 2. c4 e6 3. g3 d5 4. Nf3 Bb4+ 5. Nbd2 O-O 6. Bg2 dxc4 7. O-O b5 8. a4 c6 9. Qc2 Nbd7 10. b3 cxb3 11. Nxb3 Bb7 12. Bd2 a5 13. e4 bxa4 14. Rxa4 Qb6 15. Rfa1 c5 16. dxc5 Nxc5 17. Nxc5 Qxc5 18. Qxc5 Bxc5 19. e5 Ne4 20. Be1 Bb6 21. Ng5 Nc5 22. Bxb7 Nxb7 23. Rb1 Nc5 24. Rc4 Rfb8 25. Nf3 Nd3 26. Kg2 a4 27. Bc3 a3 28. Rd1 Nxf2 29. Rd7 a2 30. Ba1 Rc8 31. Rb4 Bc5 32. Rb2 Ng4 33. Rbb7 Nh6 34. g4 Rab8 35. g5 Rxb7 36. Rxb7 Ng4 37. Rb2 Ra8 38. Rc2 Bb6 39. Kg3 Ne3 40. Rc6 Nf5+ 41. Kf4 Be3+ 42. Ke4 g6 43. h4 Ra4+ 44. Kd3 Kg7 45. h5 gxh5 46. Kc2 Rb4 47. Ra6 Rf4 48. Ne1 Rf2+ 49. Kd3 Rf1 50. Bc3 Bf2 51. Rxa2 Bxe1 52. Ke2 Rf2+ 53. Kxe1 Rxa2 0-1

[Event "EOBCC 2020"]
[Site "Online"]
[Date "2020.12.18"]
[Round "3.100"]
[White "Grigorian, Spartak"]
[Black "Aizenberg, Benny"]
[Result "1-0"]
[WhiteElo "2433"]
[BlackElo "2279"]
[PlyCount "71"]
[EventDate "2020.12.18"]
[EventType "tourn"]
[EventCountry "NET"]

1. d4 Nf6 2. c4 g6 3. Nc3 d5 4. Bf4 Bg7 5. e3 c5 6. dxc5 Qa5 7. Rc1 Ne4 8. cxd5 Nxc3 9. Qd2 O-O 10. bxc3 Rd8 11. c4 Qxc5 12. Bd3 e6 13. e4 Na6 14. Ne2 b6 15. O-O Qe7 16. Bg5 Bf6 17. Bxf6 Qxf6 18. f4 e5 19. Qc3 Re8 20. Rce1 Nc5 21. Bc2 Bg4 22. fxe5 Qxe5 23. Qxe5 Rxe5 24. Nd4 Rae8 25. Nc6 Rxe4 26. Bxe4 Nxe4 27. Rf4 f5 28. h3 Bh5 29. g4 g5 30. Rfxe4 fxe4 31. gxh5 Kf7 32. Rf1+ Kg7 33. Nd4 e3 34. Ne6+ Kh6 35. Rf6+ Kxh5 36. Ng7+ 1-0

[Event "EOBCC 2020"]
[Site "Online"]
[Date "2020.12.18"]
[Round "3.101"]
[White "Antonov, Alexandr"]
[Black "Lizak, Peter"]
[Result "0-1"]
[WhiteElo "2309"]
[BlackElo "2433"]
[PlyCount "110"]
[EventDate "2020.12.18"]
[EventType "tourn"]
[EventCountry "NET"]

1. e4 e6 2. c4 d5 3. exd5 exd5 4. g3 Nf6 5. Bg2 dxc4 6. Ne2 c6 7. O-O Be7 8. Nbc3 O-O 9. b3 cxb3 10. Qxb3 Nbd7 11. Bb2 Qb6 12. Qc2 Nc5 13. d4 Ne6 14. Rad1 Nc7 15. f4 Ncd5 16. Nxd5 Nxd5 17. Bc1 Bf6 18. Qc4 Bg4 19. Bf3 Bxf3 20. Rxf3 Rfe8 21. Nc3 Nxc3 22. Qxc3 Rad8 23. Be3 h5 24. h4 Rxe3 25. Rxe3 Bxd4 26. Rxd4 Qxd4 27. Qxd4 Rxd4 28. Re8+ Kh7 29. Re7 Kg6 30. Rxb7 Ra4 31. Rb2 Kf5 32. Kf2 Ra3 33. Rb7 Rxa2+ 34. Kf3 Ra3+ 35. Kf2 Kg6 36. Rc7 Ra6 37. Kf3 f6 38. Ke4 Ra4+ 39. Kf3 Ra3+ 40. Ke4 Rxg3 41. Rxc6 Ra3 42. f5+ Kh7 43. Kd5 a5 44. Ke6 Rb3 45. Kf7 Rb7+ 46. Ke6 Ra7 47. Rc3 a4 48. Ra3 Ra5 49. Kd6 Rxf5 50. Rxa4 Re5 51. Rf4 Kg6 52. Kd7 Re3 53. Kd6 Kf7 54. Kd5 Rg3 55. Ke4 Rg4 0-1

[Event "EOBCC 2020"]
[Site "Online"]
[Date "2020.12.18"]
[Round "3.102"]
[White "Ahmadzada, Ahmad"]
[Black "Myshakov, Fyodor"]
[Result "1-0"]
[WhiteElo "2431"]
[BlackElo "2292"]
[PlyCount "105"]
[EventDate "2020.12.18"]
[EventType "tourn"]
[EventCountry "NET"]

1. d4 d5 2. Bf4 Nf6 3. e3 Bf5 4. Nf3 e6 5. c4 Bb4+ 6. Nc3 c6 7. Qb3 Bxc3+ 8. bxc3 b6 9. Qa3 Be4 10. Ne5 Qe7 11. Qxe7+ Kxe7 12. f3 Bf5 13. g4 Bg6 14. h4 Nfd7 15. h5 Bc2 16. Rh2 Ba4 17. Rb1 Nxe5 18. Bxe5 f6 19. Bg3 Rc8 20. Bd3 h6 21. f4 Nd7 22. Bh4 a6 23. g5 b5 24. c5 Rh8 25. Rbb2 Raf8 26. Bg6 Rfg8 27. Rbg2 Nf8 28. Bd3 hxg5 29. fxg5 f5 30. h6 g6 31. Bg3 Rh7 32. Bd6+ Kd8 33. Rb2 Nd7 34. Rhf2 Ke8 35. Bb1 Kd8 36. c4 dxc4 37. e4 Kc8 38. Rbe2 Rf7 39. exf5 gxf5 40. Rxe6 Rxg5 41. Re8+ Kb7 42. Rh2 Nf6 43. Re7+ Rxe7+ 44. Bxe7 Rg1+ 45. Kf2 Rxb1 46. Bxf6 Rb2+ 47. Kg1 c3 48. h7 Rxh2 49. Kxh2 c2 50. Bg5 f4 51. Bxf4 Bb3 52. h8=Q Bxa2 53. Qg7+ 1-0

[Event "EOBCC 2020"]
[Site "Online"]
[Date "2020.12.18"]
[Round "3.103"]
[White "Ozenir, Ekin Baris"]
[Black "Kosakowski, Jakub"]
[Result "0-1"]
[WhiteElo "2309"]
[BlackElo "2431"]
[PlyCount "118"]
[EventDate "2020.12.18"]
[EventType "tourn"]
[EventCountry "NET"]

1. d4 Nf6 2. Bg5 d5 3. e3 c6 4. Bxf6 exf6 5. c4 dxc4 6. Bxc4 Bd6 7. Nf3 O-O 8. O-O Nd7 9. e4 Re8 10. Nc3 b5 11. Bd3 Bb7 12. a3 a6 13. Qc2 g6 14. Rad1 c5 15. dxc5 Nxc5 16. Rfe1 Qc7 17. Nd5 Bxd5 18. exd5 Rac8 19. b4 Rxe1+ 20. Rxe1 Nxd3 21. Qxd3 Qc3 22. Qxc3 Rxc3 23. Re3 Rc1+ 24. Re1 Rc2 25. g3 f5 26. Kg2 Kg7 27. Re8 Rc3 28. Re3 Rxe3 29. fxe3 Kf6 30. Kf2 Bc7 31. Ke2 Ke7 32. Kd3 f6 33. Nd4 Kd6 34. Ne6 Bb6 35. Nf8 Kxd5 36. Nxh7 Ke6 37. Nf8+ Kf7 38. Nd7 Ba7 39. e4 fxe4+ 40. Kxe4 Ke7 41. Nc5 Bxc5 42. bxc5 Ke6 43. g4 g5 44. Kd4 a5 45. h3 Kd7 46. Kd5 Kc7 47. Ke4 Kc6 48. Kd4 a4 49. Kd3 Kxc5 50. Kc3 b4+ 51. axb4+ Kb5 52. Kc2 Kxb4 53. Kb2 Kc4 54. Ka3 Kd4 55. Kxa4 Ke4 56. Kb4 Kf4 57. Kc4 Kg3 58. Kd4 Kxh3 59. Ke4 Kxg4 0-1

[Event "EOBCC 2020"]
[Site "Online"]
[Date "2020.12.18"]
[Round "3.104"]
[White "Atalik, Ekaterina"]
[Black "Smirnova, Ekaterina"]
[Result "1-0"]
[WhiteElo "2450"]
[BlackElo "2239"]
[PlyCount "49"]
[EventDate "2020.12.18"]
[EventType "tourn"]
[EventCountry "NET"]

1. Nf3 d5 2. e3 Nf6 3. c4 c6 4. b3 Bg4 5. Bb2 e6 6. h3 Bh5 7. Be2 Nbd7 8. O-O Be7 9. cxd5 exd5 10. Nd4 Bg6 11. Nc3 O-O 12. f4 h6 13. Bf3 Bd6 14. Nce2 Be4 15. d3 Bxf3 16. Rxf3 Re8 17. Nf5 Bf8 18. Ned4 a5 19. Rg3 Kh7 20. Qf3 a4 21. Qd1 axb3 22. Qxb3 Qc7 23. Qc2 Qa5 24. a3 Qxa3 25. Bxa3 1-0

[Event "EOBCC 2020"]
[Site "Online"]
[Date "2020.12.18"]
[Round "3.105"]
[White "Radeva, Viktoria"]
[Black "Godart, Francois"]
[Result "0-1"]
[WhiteElo "2274"]
[BlackElo "2422"]
[PlyCount "132"]
[EventDate "2020.12.18"]
[EventType "tourn"]
[EventCountry "NET"]

1. e4 e6 2. d4 d5 3. Nd2 c5 4. exd5 Qxd5 5. Ngf3 cxd4 6. Bc4 Qd6 7. O-O Nf6 8. Nb3 Nc6 9. Nbxd4 Nxd4 10. Nxd4 a6 11. Re1 Qc7 12. Bb3 Bd6 13. Nf5 Bxh2+ 14. Kh1 O-O 15. Nxg7 Rd8 16. Qf3 Kxg7 17. Bh6+ Kg6 18. c3 Nh5 19. Bc1 Bf4 20. g4 Ng3+ 21. fxg3 Bxc1 22. Raxc1 b5 23. Bc2+ Kg7 24. Be4 Rb8 25. Rcd1 Bb7 26. Bxb7 Rxd1 27. Rxd1 Qxb7 28. Qxb7 Rxb7 29. Rd6 a5 30. Ra6 a4 31. Kg2 Rd7 32. b3 axb3 33. axb3 Rd3 34. Rc6 Kg6 35. Rc5 f6 36. Kf2 e5 37. Rxb5 Rxc3 38. Rb7 h5 39. gxh5+ Kxh5 40. b4 Kg4 41. Rg7+ Kf5 42. b5 Rb3 43. Rb7 Ke4 44. b6 Rb2+ 45. Ke1 f5 46. Kd1 Ke3 47. Kc1 Rb5 48. Rf7 e4 49. b7 Ke2 50. Kc2 e3 51. Rxf5 Rxb7 52. g4 Rc7+ 53. Kb3 Kd1 54. Rd5+ Ke1 55. g5 e2 56. g6 Kf2 57. Rf5+ Ke3 58. Re5+ Kf3 59. Kb2 Rg7 60. Re6 Rxg6 61. Rxg6 e1=Q 62. Rf6+ Kg4 63. Rg6+ Kf5 64. Rg2 Qe5+ 65. Kc1 Qa1+ 66. Kd2 Qa2+ 0-1

[Event "EOBCC 2020"]
[Site "Online"]
[Date "2020.12.18"]
[Round "3.106"]
[White "Fataliyeva, Ulviyya"]
[Black "Pantzar, Milton"]
[Result "1-0"]
[WhiteElo "2301"]
[BlackElo "2421"]
[PlyCount "51"]
[EventDate "2020.12.18"]
[EventType "tourn"]
[EventCountry "NET"]

1. d4 d5 2. c4 e6 3. Nc3 a6 4. cxd5 exd5 5. Nf3 Nf6 6. Bg5 Be6 7. Bxf6 Qxf6 8. Qb3 Ra7 9. e3 Qd8 10. Bd3 c6 11. O-O Be7 12. Ne5 O-O 13. f4 f6 14. Nf3 Kh8 15. Qc2 Bg8 16. Nh4 Re8 17. Rf3 Nd7 18. Ng6+ hxg6 19. Rh3+ Bh7 20. Bxg6 Nf8 21. Bxh7 Bb4 22. Qf5 Bxc3 23. Qh5 g6 24. Bxg6+ Kg7 25. Qh6+ Kg8 26. Qh8# 1-0

[Event "EOBCC 2020"]
[Site "Online"]
[Date "2020.12.18"]
[Round "3.107"]
[White "Chyzy, Jakub"]
[Black "Efimov, Igor"]
[Result "0-1"]
[WhiteElo "2250"]
[BlackElo "2416"]
[PlyCount "116"]
[EventDate "2020.12.18"]
[EventType "tourn"]
[EventCountry "NET"]

1. e4 c5 2. Nf3 Nc6 3. d4 cxd4 4. Nxd4 Nf6 5. Nc3 d6 6. f3 a6 7. Be3 e6 8. Qd2 Be7 9. O-O-O Qc7 10. g4 b5 11. Kb1 Bb7 12. h4 Nd7 13. Bd3 Nce5 14. g5 Nc4 15. Bxc4 Qxc4 16. h5 O-O-O 17. b3 Qb4 18. Nd5 Qxd2 19. Nxe7+ Kc7 20. Rxd2 Rhe8 21. Nef5 exf5 22. Nxf5 Ne5 23. Rf1 g6 24. hxg6 fxg6 25. Nd4 Re7 26. f4 Ng4 27. Bg1 Bxe4 28. Re1 Rde8 29. Rde2 d5 30. Kb2 h5 31. gxh6 Nxh6 32. Bh2 Kd7 33. Bg3 Nf5 34. Nxf5 gxf5 35. Bh4 Rh7 36. Bg5 Rc8 37. Rd2 Ke6 38. Rc1 Rh3 39. Re1 Rhc3 40. Rc1 d4 41. Rxd4 Rxc2+ 42. Rxc2 Rxc2+ 43. Ka3 a5 44. Rd8 b4+ 45. Ka4 Rxa2+ 46. Kb5 Bd5 47. Re8+ Kd7 48. Rd8+ Ke6 49. Re8+ Kf7 50. Re7+ Kf8 51. Re5 Bxb3 52. Rxf5+ Kg7 53. Bd8 Bc2 54. Bxa5 Bxf5 55. Bxb4 Rf2 56. Bd6 Kf7 57. Be5 Ke6 58. Kc5 Rd2 0-1

[Event "EOBCC 2020"]
[Site "Online"]
[Date "2020.12.18"]
[Round "3.108"]
[White "Dzida, Kamil"]
[Black "Saraci, Nderim"]
[Result "0-1"]
[WhiteElo "2239"]
[BlackElo "2415"]
[PlyCount "74"]
[EventDate "2020.12.18"]
[EventType "tourn"]
[EventCountry "NET"]

1. e4 e5 2. Nf3 Nc6 3. d4 exd4 4. Nxd4 Nf6 5. Nxc6 bxc6 6. Qe2 a5 7. e5 Nd5 8. c4 Ba6 9. g3 Be7 10. Bg2 O-O 11. O-O Nb6 12. b3 Re8 13. Bb2 Qc8 14. Qg4 Bf8 15. Nd2 d5 16. Qxc8 Raxc8 17. Rfc1 Bb4 18. Rc2 Rcd8 19. Nf1 dxc4 20. Bxc6 Re6 21. Bg2 a4 22. Ne3 a3 23. Bc3 cxb3 24. axb3 c5 25. f4 g6 26. Bf1 Bxf1 27. Kxf1 Rd3 28. Bxb4 cxb4 29. Ke2 Rxb3 30. Rd1 Kg7 31. g4 Re8 32. Rc6 Na4 33. Rd7 a2 34. Rcc7 Rf8 35. Nc2 Rb2 36. e6 Rxc2+ 37. Rxc2 a1=Q 0-1

[Event "EOBCC 2020"]
[Site "Online"]
[Date "2020.12.18"]
[Round "3.109"]
[White "Subelj, Jan"]
[Black "Wikar, Martyna"]
[Result "1-0"]
[WhiteElo "2403"]
[BlackElo "2171"]
[PlyCount "57"]
[EventDate "2020.12.18"]
[EventType "tourn"]
[EventCountry "NET"]

1. e4 c5 2. Nf3 Nc6 3. Bb5 g6 4. O-O Bg7 5. Re1 Nf6 6. e5 Nd5 7. Nc3 Nxc3 8. dxc3 O-O 9. Qd5 Qb6 10. a4 a6 11. Bf1 Qa7 12. a5 Rd8 13. Bf4 b6 14. axb6 Qxb6 15. b3 Bb7 16. Qd2 Bf8 17. Bh6 Bg7 18. Qf4 d6 19. exd6 exd6 20. Bxg7 Kxg7 21. Ng5 Qc7 22. Qh4 h6 23. Ne4 g5 24. Nxg5 hxg5 25. Qxg5+ Kf8 26. Qh6+ Kg8 27. Re3 Ne5 28. Rg3+ Ng6 29. Bd3 1-0

[Event "EOBCC 2020"]
[Site "Online"]
[Date "2020.12.18"]
[Round "3.110"]
[White "Gurvich, Vitaly"]
[Black "Borsuk, Konstantin"]
[Result "1-0"]
[WhiteElo "2230"]
[BlackElo "2401"]
[PlyCount "81"]
[EventDate "2020.12.18"]
[EventType "tourn"]
[EventCountry "NET"]

1. e4 e6 2. d4 d5 3. Nc3 Bb4 4. e5 b6 5. Qg4 Bf8 6. Nf3 Ne7 7. h4 h5 8. Qf4 Ba6 9. Bxa6 Nxa6 10. a3 Qd7 11. Ne2 c5 12. Ng5 Ng6 13. Qe3 cxd4 14. Nxd4 Nc7 15. a4 Bc5 16. c3 Ne7 17. Qd3 Bxd4 18. cxd4 f6 19. Nf3 Kf7 20. b3 Nf5 21. Ba3 b5 22. O-O a5 23. Bc5 bxa4 24. Rxa4 Rhb8 25. exf6 gxf6 26. Nd2 Rg8 27. Qf3 Rg4 28. g3 Nxh4 29. Qh1 Rh8 30. Rxa5 Nb5 31. Rfa1 Nf5 32. Ra7 Nxa7 33. Rxa7 Qxa7 34. Bxa7 h4 35. Nf3 Ra8 36. Qh3 Re4 37. Bc5 Ra1+ 38. Kg2 Re2 39. Nxh4 Ne7 40. Qg4 Raa2 41. Qf3 1-0

[Event "EOBCC 2020"]
[Site "Online"]
[Date "2020.12.18"]
[Round "3.112"]
[White "Reimanis, Ritvars"]
[Black "Starosta, Martyna"]
[Result "1-0"]
[WhiteElo "2412"]
[BlackElo "2094"]
[PlyCount "67"]
[EventDate "2020.12.18"]
[EventType "tourn"]
[EventCountry "NET"]

1. d4 Nf6 2. c4 g6 3. Nc3 Bg7 4. e4 d6 5. Be2 O-O 6. Nf3 e5 7. O-O Nc6 8. d5 Ne7 9. Ne1 Nd7 10. Be3 f5 11. f3 f4 12. Bf2 b6 13. a4 a5 14. Nd3 Nf6 15. b4 axb4 16. Nxb4 g5 17. Nc6 Nxc6 18. dxc6 Qe8 19. a5 bxa5 20. Qa4 h5 21. c5 Be6 22. cxd6 cxd6 23. Bc4 Kh8 24. Rfd1 Qf7 25. Bxe6 Qxe6 26. Qa2 Qe7 27. Nb5 Rfc8 28. Rac1 Ne8 29. Qd5 Ra6 30. c7 Nxc7 31. Qb7 Raa8 32. Rxc7 Rxc7 33. Qxa8+ Kh7 34. Nxc7 1-0

[Event "EOBCC 2020"]
[Site "Online"]
[Date "2020.12.18"]
[Round "3.113"]
[White "Szczurek, Krzysztof"]
[Black "Ioannidis, Evgenios"]
[Result "1/2-1/2"]
[WhiteElo "2031"]
[BlackElo "2411"]
[PlyCount "97"]
[EventDate "2020.12.18"]
[EventType "tourn"]
[EventCountry "NET"]

1. e4 c5 2. c3 Nf6 3. e5 Nd5 4. d4 cxd4 5. cxd4 d6 6. exd6 Qxd6 7. Nc3 Nc6 8. Nf3 Bg4 9. Be2 e6 10. O-O Be7 11. h3 Bh5 12. a3 O-O 13. Be3 Rfd8 14. Nxd5 Qxd5 15. Rc1 Rac8 16. Qa4 a6 17. Rfd1 Qa5 18. Qb3 Qc7 19. Rd3 Qd7 20. Rdc3 Bf6 21. Qd1 Bg6 22. Rc4 Ne7 23. Rxc8 Rxc8 24. Rxc8+ Qxc8 25. Ne5 Bxe5 26. dxe5 Nd5 27. Qb3 Nxe3 28. Qxe3 h6 29. Bf3 Qc7 30. Qd4 a5 31. g3 b6 32. Kg2 Kh7 33. h4 h5 34. Qd6 Qa7 35. Qc6 Qb8 36. Qd6 Qa7 37. a4 Qa6 38. Qd4 Qa7 39. Qd1 Qc7 40. Qd4 Qc2 41. Qxb6 Qxa4 42. Qc5 Qa2 43. Qc3 Qa4 44. Kh2 Qb5 45. Kg2 Kh8 46. Qc8+ Kh7 47. Qc3 Kh8 48. Qc8+ Kh7 49. Qc3 1/2-1/2

[Event "EOBCC 2020"]
[Site "Online"]
[Date "2020.12.18"]
[Round "3.114"]
[White "Sowinski, Pawel"]
[Black "Babazada, Khazar"]
[Result "1/2-1/2"]
[WhiteElo "1767"]
[BlackElo "2409"]
[PlyCount "106"]
[EventDate "2020.12.18"]
[EventType "tourn"]
[EventCountry "NET"]

1. e4 Nf6 2. e5 Nd5 3. c4 Nb6 4. d4 d6 5. exd6 cxd6 6. Nc3 g6 7. Bd3 Bg7 8. Nge2 O-O 9. O-O Nc6 10. Be3 Nb4 11. b3 Nxd3 12. Qxd3 Bf5 13. Qd2 Re8 14. Rac1 Rc8 15. Rfd1 d5 16. c5 Na8 17. Nf4 Nc7 18. h3 Qd7 19. g4 Be6 20. Nxe6 Nxe6 21. Qd3 Rcd8 22. f4 Nc7 23. f5 gxf5 24. gxf5 Kh8 25. Kh1 Bf6 26. Rg1 Rg8 27. Bf4 e6 28. Bxc7 Qxc7 29. Nb5 Qf4 30. Nd6 Rdf8 31. Rxg8+ Kxg8 32. Rg1+ Kh8 33. fxe6 fxe6 34. Rg4 Qf2 35. Rg2 Qxd4 36. Qxd4 Bxd4 37. Re2 Bxc5 38. Nxb7 Bf2 39. Rxe6 Bb6 40. Nd6 Rf1+ 41. Kg2 Rf2+ 42. Kg3 Rxa2 43. Nf5 Kg8 44. Rc6 Ra3 45. Ne7+ Kf7 46. Nxd5 Rxb3+ 47. Kg4 Rb5 48. Nxb6 axb6 49. Rc7+ Kg6 50. Rc6+ Kg7 51. Rc7+ Kg6 52. Rc6+ Kg7 53. Rc7+ Kg6 1/2-1/2

[Event "EOBCC 2020"]
[Site "Online"]
[Date "2020.12.18"]
[Round "3.115"]
[White "Gavrilescu, David"]
[Black "Myrmus, Mateusz"]
[Result "0-1"]
[WhiteElo "2476"]
[BlackElo "1683"]
[PlyCount "124"]
[EventDate "2020.12.18"]
[EventType "tourn"]
[EventCountry "NET"]

1. e4 e6 2. d4 d5 3. Nc3 Nf6 4. e5 Nfd7 5. Nce2 c5 6. c3 Nc6 7. Nf3 cxd4 8. cxd4 Be7 9. Nc3 a6 10. Bd3 Nb4 11. Bb1 b5 12. O-O O-O 13. a3 Nc6 14. Qc2 g6 15. Nxd5 exd5 16. Qxc6 Nb6 17. Bh6 Re8 18. Qc1 Bg4 19. Qf4 Bxf3 20. Qxf3 Rc8 21. Bd3 Nc4 22. b3 Na5 23. Be2 Qd7 24. a4 b4 25. Bxa6 Rc3 26. Bb5 Qe6 27. Qe2 Rec8 28. Bd2 Rc2 29. Rab1 Bg5 30. f4 Be7 31. Bd3 R2c7 32. f5 Qb6 33. Be3 Rc3 34. fxg6 hxg6 35. Qf3 Qe6 36. Bd2 Rxb3 37. Rxb3 Nxb3 38. Bxg6 Qxg6 39. Qxb3 Rc2 40. Rf2 Qe4 41. Qg3+ Kf8 42. Bh6+ Ke8 43. Qg8+ Kd7 44. Qxf7 Qxd4 45. e6+ Kc6 46. h3 Rxf2 47. Qxf2 Qd1+ 48. Kh2 Bd6+ 49. g3 b3 50. Bg7 Qc2 51. Qxc2+ bxc2 52. Bb2 Be5 53. Ba3 Bd6 54. Bc1 d4 55. h4 Bb4 56. h5 d3 57. h6 d2 58. Bxd2 Bxd2 59. e7 Kd7 60. h7 Bc3 61. h8=Q Bxh8 62. e8=Q+ Kxe8 0-1

[Event "EOBCC 2020"]
[Site "Online"]
[Date "2020.12.18"]
[Round "3.116"]
[White "Zhukova, Natalia"]
[Black "Sarana, Alexey"]
[Result "0-1"]
[WhiteElo "2336"]
[BlackElo "2636"]
[PlyCount "54"]
[EventDate "2020.12.18"]
[EventType "tourn"]
[EventCountry "NET"]

1. c4 Nf6 2. Nc3 e6 3. e4 d6 4. d4 Be7 5. Nf3 Nbd7 6. Be2 c5 7. d5 O-O 8. O-O e5 9. Ne1 Re8 10. Nd3 Bf8 11. Bf3 g6 12. g3 Bg7 13. Bg2 a6 14. a4 Rb8 15. Be3 Nf8 16. h3 Nh5 17. Kh2 h6 18. f4 exf4 19. gxf4 Nh7 20. e5 Bf5 21. Ne4 dxe5 22. fxe5 Bxe5+ 23. Nxe5 Rxe5 24. Rxf5 Rxf5 25. Bxc5 Ng5 26. Bd4 Nxe4 27. Bxe4 Qd6+ 0-1

[Event "EOBCC 2020"]
[Site "Online"]
[Date "2020.12.18"]
[Round "3.117"]
[White "Zarubitski, Viachaslau"]
[Black "Coenen, Michael"]
[Result "0-1"]
[WhiteElo "2448"]
[BlackElo "2362"]
[PlyCount "90"]
[EventDate "2020.12.18"]
[EventType "tourn"]
[EventCountry "NET"]

1. Nf3 Nf6 2. c4 e6 3. b3 d5 4. Bb2 b6 5. g3 Bb7 6. Bg2 Be7 7. O-O O-O 8. e3 c5 9. Nc3 dxc4 10. bxc4 Nbd7 11. Qe2 a6 12. d4 Qc7 13. Rfd1 cxd4 14. exd4 Rac8 15. d5 Qxc4 16. dxe6 Qxe2 17. Nxe2 fxe6 18. Ned4 Nc5 19. Ng5 Bxg2 20. Kxg2 Nfe4 21. Nxe4 Nxe4 22. f3 Nc5 23. f4 Bf6 24. Rab1 Rfd8 25. Ba1 b5 26. Kf3 Kf7 27. Ke3 Na4 28. Rbc1 Nb6 29. Rxc8 Rxc8 30. g4 g6 31. g5 Bg7 32. Nf3 Bxa1 33. Rxa1 Nd5+ 34. Kd2 Ke7 35. Ne5 Rf8 36. Nc6+ Kd6 37. Nd4 Rxf4 38. Kd3 e5 39. Ne2 Rh4 40. a4 Rxa4 41. Rf1 Nf4+ 42. Nxf4 Rxf4 43. Ra1 Ra4 44. Rf1 Kd5 45. Rf7 Ra3+ 0-1

[Event "EOBCC 2020"]
[Site "Online"]
[Date "2020.12.18"]
[Round "3.118"]
[White "Dordzhieva, Dinara"]
[Black "Filip, Lucian-Ioan"]
[Result "0-1"]
[WhiteElo "2352"]
[BlackElo "2442"]
[PlyCount "128"]
[EventDate "2020.12.18"]
[EventType "tourn"]
[EventCountry "NET"]

1. d4 Nf6 2. c4 c5 3. d5 e6 4. Nc3 exd5 5. cxd5 d6 6. Nf3 g6 7. Bf4 a6 8. a4 Bg7 9. h3 O-O 10. e3 Ne8 11. Be2 Nd7 12. O-O Ne5 13. a5 Nxf3+ 14. Bxf3 Bd7 15. Qd2 Qe7 16. Na4 Bxa4 17. Rxa4 Nc7 18. Ra3 Nb5 19. Rb3 c4 20. Rb4 c3 21. Qe2 cxb2 22. Rxb2 Bxb2 23. Qxb2 Rfc8 24. Bh6 f6 25. Bg4 f5 26. Bf3 Rc3 27. Be2 Rac8 28. Bxb5 Rc2 29. Qb1 axb5 30. Qxb5 Rc1 31. Rxc1 Rxc1+ 32. Kh2 Rc5 33. Qb6 Qc7 34. Qb2 Qe7 35. a6 Qe5+ 36. Qxe5 dxe5 37. axb7 Rb5 38. Bg5 Rxb7 39. Bf6 e4 40. d6 Kf7 41. Be5 Ke6 42. Bf4 Rb2 43. Kg3 Rd2 44. h4 Kf6 45. Bg5+ Kf7 46. Bf4 Ke6 47. f3 h5 48. Kh3 Kd5 49. Kg3 Kc4 50. Be5 Kd5 51. Bf4 Ke6 52. Kh3 Rd1 53. Kg3 Rh1 54. Kf2 Rxh4 55. Kg3 Rh1 56. fxe4 fxe4 57. Kf2 Rd1 58. Kg3 Kf5 59. Kh4 Rd2 60. Kg3 g5 61. d7 gxf4+ 62. exf4 Rxd7 63. Kh4 Kxf4 64. Kxh5 Kg3 0-1

[Event "EOBCC 2020"]
[Site "Online"]
[Date "2020.12.18"]
[Round "3.119"]
[White "Soltanici, Ruslan"]
[Black "Sliwicka, Alicja"]
[Result "1-0"]
[WhiteElo "2410"]
[BlackElo "2311"]
[PlyCount "56"]
[EventDate "2020.12.18"]
[EventType "tourn"]
[EventCountry "NET"]

1. e4 c5 2. Nf3 d6 3. d4 cxd4 4. Nxd4 Nf6 5. Nc3 Bd7 6. Bg5 e6 7. Qd2 a6 8. O-O-O h6 9. Be3 Ng4 10. Bc4 Nxe3 11. Qxe3 Nc6 12. Kb1 Qc7 13. Bb3 O-O-O 14. f4 Na5 15. f5 Nxb3 16. cxb3 Kb8 17. Rc1 Qb6 18. Na4 Bxa4 19. bxa4 Ka7 20. a5 Qc5 21. fxe6 fxe6 22. Rxc5 dxc5 23. Nxe6 Rc8 24. Nxf8 Rhxf8 25. Rc1 b6 26. axb6+ Kxb6 27. b4 Kb5 28. Rxc5+ Ka4 1-0

[Event "EOBCC 2020"]
[Site "Online"]
[Date "2020.12.18"]
[Round "3.120"]
[White "Gaehwiler, Gabriel"]
[Black "Fecker, Noah"]
[Result "1-0"]
[WhiteElo "2408"]
[BlackElo "2329"]
[PlyCount "77"]
[EventDate "2020.12.18"]
[EventType "tourn"]
[EventCountry "NET"]

1. d4 Nf6 2. c4 c5 3. e3 cxd4 4. exd4 d5 5. Nc3 Nc6 6. Be3 g6 7. h3 Bg7 8. Nf3 O-O 9. Be2 Be6 10. Ng5 Bf5 11. O-O Rc8 12. Rc1 h6 13. Nf3 g5 14. Ne5 Qd6 15. f4 g4 16. hxg4 Be4 17. c5 Qd8 18. g5 hxg5 19. fxg5 Nd7 20. Nxf7 Rxf7 21. Nxe4 Rxf1+ 22. Bxf1 dxe4 23. Bc4+ Kf8 24. Qf1+ Nf6 25. gxf6 exf6 26. Rd1 Qd7 27. Bf4 b6 28. Bd6+ Ke8 29. Qf4 f5 30. d5 Ne7 31. Qg5 Kf8 32. Bb5 Qd8 33. Rf1 Bd4+ 34. Kh1 Bxc5 35. Qf6+ Kg8 36. Qe6+ Kg7 37. Be5+ Kf8 38. Qf6+ Kg8 39. Qg7# 1-0

[Event "EOBCC 2020"]
[Site "Online"]
[Date "2020.12.18"]
[Round "3.121"]
[White "Bykhovsky, Avigdor"]
[Black "Zovko, Mario"]
[Result "1/2-1/2"]
[WhiteElo "2400"]
[BlackElo "2312"]
[PlyCount "88"]
[EventDate "2020.12.18"]
[EventType "tourn"]
[EventCountry "NET"]

1. d4 d5 2. c4 e6 3. Nf3 c5 4. cxd5 exd5 5. g3 Nc6 6. Bg2 Nf6 7. O-O Be7 8. dxc5 Bxc5 9. Nc3 O-O 10. Bg5 d4 11. Bxf6 Qxf6 12. Ne4 Qe7 13. Nxc5 Qxc5 14. Rc1 Qb6 15. Qd2 Bg4 16. h3 Bh5 17. Rfd1 Rad8 18. Rc4 h6 19. Nxd4 Nxd4 20. Rxd4 Rxd4 21. Qxd4 Qxd4 22. Rxd4 Bxe2 23. Bxb7 Rb8 24. Rd7 Bc4 25. b3 Be6 26. Rc7 Rd8 27. Bg2 Rd1+ 28. Kh2 Rd2 29. Rxa7 Rxf2 30. Kg1 Rb2 31. h4 g5 32. hxg5 hxg5 33. Be4 Kg7 34. Ra5 Kf6 35. Bf3 Kg6 36. Kf1 f5 37. Ra6 Kf7 38. Be2 Bd5 39. Kf2 f4 40. gxf4 gxf4 41. Rd6 Ba8 42. Ra6 Bd5 43. Rd6 Ba8 44. Ra6 Bd5 1/2-1/2

[Event "EOBCC 2020"]
[Site "Online"]
[Date "2020.12.18"]
[Round "3.123"]
[White "Vyprachticky, David"]
[Black "Erdogdu, Mert"]
[Result "0-1"]
[WhiteElo "2326"]
[BlackElo "2396"]
[PlyCount "58"]
[EventDate "2020.12.18"]
[EventType "tourn"]
[EventCountry "NET"]

1. e4 c5 2. Nf3 d6 3. d4 cxd4 4. Nxd4 Nf6 5. Nc3 a6 6. Be3 e6 7. f3 b5 8. g4 Bb7 9. Qd2 Nfd7 10. O-O-O Nb6 11. g5 N8d7 12. Qf2 Rc8 13. Nce2 Be7 14. h4 Na4 15. Kb1 Qc7 16. Nc1 Ndc5 17. h5 Nxb2 18. Bh3 Nxd1 19. Rxd1 Na4 20. Rd3 g6 21. h6 O-O 22. Ncb3 e5 23. Bxc8 Rxc8 24. Nf5 gxf5 25. exf5 e4 26. Rd2 exf3 27. Bd4 Nc3+ 28. Kb2 Ne4 29. Qg3 Nxg3 0-1

[Event "EOBCC 2020"]
[Site "Online"]
[Date "2020.12.18"]
[Round "3.124"]
[White "Neuman, Petr"]
[Black "Purtseladze, Maka"]
[Result "1-0"]
[WhiteElo "2393"]
[BlackElo "2274"]
[PlyCount "107"]
[EventDate "2020.12.18"]
[EventType "tourn"]
[EventCountry "NET"]

1. d4 Nf6 2. c4 Nc6 3. Nc3 e5 4. d5 Ne7 5. a3 Ng6 6. h4 h5 7. e3 a5 8. Bd3 d6 9. Qc2 Ne7 10. e4 g6 11. f3 Bg7 12. Be3 b6 13. Nge2 Nd7 14. Rb1 Nc5 15. b4 axb4 16. axb4 Nxd3+ 17. Qxd3 O-O 18. Kd2 Bd7 19. Ra1 Qb8 20. Qc2 Qb7 21. Qb2 Kh7 22. Rxa8 Rxa8 23. Ra1 Bh6 24. Bxh6 Kxh6 25. Ra3 f5 26. Qa2 Rxa3 27. Qxa3 f4 28. c5 bxc5 29. bxc5 Qb8 30. Kc2 g5 31. hxg5+ Kxg5 32. Qa5 Ng6 33. cxd6 cxd6 34. Qa1 Qb6 35. Qa8 Kf6 36. Qg8 Qc7 37. Kd2 h4 38. Qh7 Qa7 39. Ke1 Qa1+ 40. Kf2 Be8 41. Qc7 Qa3 42. Qd8+ Kf7 43. Qg5 Qc5+ 44. Kf1 Bb5 45. Ke1 Bd7 46. Qd8 Be8 47. Nd1 Qb4+ 48. Nec3 Qc5 49. Qg5 Qg1+ 50. Kd2 Kg7 51. Qd8 Qd4+ 52. Kc1 Bf7 53. Qxd6 Qf2 54. Nxf2 1-0